Detalles MARC
| 000 -LÍDER |
| Campo fijo de descripción fija |
02150nam a22003497i 4500 |
| 001 - NÚMERO DE CONTROL |
| Campo de control |
768714001 |
| 003 - IDENTIFICADOR DEL NÚMERO DE CONTROL |
| Campo de control |
CO-MdFUSB |
| 005 - FECHA Y HORA DE LA ULTIMA TRANSACCIÓN |
| control field |
20260224213222.0 |
| 007 - CAMPO FIJO DE DESCRIPCIÓN FIJA--INFORMACIÓN GENERAL |
| Campo fijo de descripción fija |
cr nn||ncaaaaa |
| 008 - ELEMENTOS DE LONGITUD FIJA -- INFORMACIÓN GENERAL |
| Campo fijo de descripción fija -- Información general |
200124s2019 ck ||||s|||| 00| 0 spa d |
| 040 ## - FUENTE DE CATALOGACIÓN |
| Agencia de catalogación original |
CO-MdFUSB |
| Idioma de catalogación |
Español |
| Agencia que realiza la transcripción |
CO-MdFUSB |
| Agencia que realiza la modificación |
CO-MdFUSB |
| 041 ## - CÓDIGO DE IDIOMA |
| Código de idioma para texto/pista de sonido o título separado |
spa |
| 100 ## - ASIENTO PRINCIPAL--NOMBRE PERSONAL |
| Nombre personal |
Valenzuela Peña, Luis Miguel, |
| Término relacionador |
autor |
| 245 ## - TÍTULO |
| Título del Material |
Aporte teológico del חֶסֶד (hesed) de la cita de Oseas 6:6 en Mateo 9:13 |
| Mención de responsabilidad, etc. |
/ Luis Miguel Valenzuela Peña ; asesorado por Sandro Gutiérrez |
| Medio físico |
[electrónico] |
| 264 #0 - PRODUCTION, PUBLICATION, DISTRIBUTION, MANUFACTURE, AND COPYRIGHT NOTICE |
| Lugar de procducción, publication, distribution, manufacture |
Medellín, Colombia : |
| Nombre del productor, publicador, distribuidor y manofactura |
FUSBC, |
| Fecha de producción, distribución, manufactura, o nota de copyright |
2022 |
| 300 ## - DESCRIPCIÓN FÍSICA |
| Extensión |
Recurso electrónico |
| 336 ## - TIPO DE CONTENIDO |
| Fuente |
rdacontent |
| Tipo de contenido |
texto |
| Content type code |
txt |
| 337 ## - TIPO DE MEDIO |
| Fuente |
rdamedia |
| Tipo de medio |
informático |
| Código |
c |
| 338 ## - TIPO DE SOPORTE |
| Fuente |
rdacarrier |
| rdacarrier |
remoto |
| Código |
nc |
| 502 ## - NOTA DE TESIS |
| Nota de Tesis |
Trabajo de grado |
| Tipo de estudio |
(Teología) -- |
| Nombre de la Institución del grado |
Fundación Universitaria Seminario Bíblico de Colombia, |
| Año de graduación |
2022 |
| 504 ## - NOTA DE BIBLIOGRAFÍA, ETC. |
| Nota de bibliografía, etc |
Bibliografía (64-66) |
| 505 ## - NOTA DE CONTENIDO |
| Nota de contenido con formato preestablecido |
Pacto y profetismo -- Oseas y los profetas del siglo VIII. -- Análisis exegético del término חֶסדֶ (hesed) en Oseas 6:6. -- Oseas en Mateo: el pensamiento hebreo en el Evangelio -- El “ἔλεος” (éleos) de Mateo 9:13 a la luz del חֶסדֶ (hesed) de Oseas 6:6. |
| 506 ## - NOTA DE RESTRICCIONES DE ACCESO |
| Condiciones de acceso |
Acceso en línea |
| 520 ## - NOTA DE RESUMEN, ETC. |
| Nota de sumario, etc. |
Aporte teológico del חֶסֶד (hesed) de la cita de Oseas 6:6 en Mateo 9:13”, escrito por el estudiante de teología Luis Miguel Valenzuela, es una investigación documental en la que se realiza un estudio exegético del término חֶסֶד (hesed) en Oseas 6:6 y su uso teológico en la cita de Mateo 9:13. Valenzuela afirma que el חֶסֶד (hesed) de Oseas 6:6 se relaciona fuertemente con amor y lealtad y que, aunado a su contexto judío y profético y al pensamiento hebreo de Mateo, aporta al “ἔλεος” (éleos) de Mateo 9:13 suficiente peso para traducirlo como “amor leal” más que “misericordia |
| 535 ## - LOCALIZACIÓN DE ORIGINALES / DUPLICADOS Y NOTAS |
| Custodian |
Recurso en REPCI |
| 590 ## - NOTA LOCAL |
| Nota local |
Préstamo en sala |
| 630 #7 - ASIENTO SECUNDARIO DE MATERIA - TITULO UNIFORME |
| Título uniforme |
Biblia. |
| Nombre de parte o sección de la obra |
Oseas |
| Subdivisión general |
Crítica, interpretación, etc. |
| 700 ## - ASIENTO SECUNDARIO - NOMBRE PERSONAL |
| 9 (RLIN) |
1181 |
| Nombre personal |
Gutiérrez, Sandro |
| Responsabilidad |
asesor |
| 856 ## - LOCALIZACIÓN Y ACCESO ELECTRÓNICOS |
| Identificador Uniforme del Recurso |
https://repositorio.repci.co/handle/123456789/636 |
| Nombre del sitio |
REPCI |
| 942 ## - TIPO DE MATERIAL (KOHA) |
| Tipo de Item KOHA |
Trabajos de Grado |